000
00272nam a22001097a 4500
008
170126b xxu||||| |||| 00| 0 eng d
020
_a
0871251094
041
_a
eng
080
_a
61
245
_a
MEDICAL ETHICS: COMMON GROUND FOR UNDERSTANDING
_c
BRODEUR, D
942
_2
udc
_c
BK
999
_c
3741
_d
3741